[Event "Botvinnik 100th Open"]
[Site "St Petersburg RUS"]
[Date "2011.08.19"]
[Round "8"]
[White "Orlov, Oleg"]
[Black "Martynenko, Andrei"]
[Result "1/2-1/2"]
[BlackTitle "FM"]
[WhiteElo "2290"]
[BlackElo "2357"]
[WhiteFideId "4166612"]
[BlackFideId "4167996"]
[EventDate "2011.08.12"]

1. Nf3 d6 2. d4 g6 3. g3 Bg7 4. Bg2 Nf6 5. O-O O-O 6. c4 c6 7. Nc3 Qa5 8. e4 e5
9. d5 cxd5 10. cxd5 b5 11. Nd2 Ba6 12. Nb3 Qc7 13. Be3 b4 14. Ne2 Qc4 15. Re1
Ng4 16. Bd2 f5 17. Rc1 Qb5 18. exf5 gxf5 19. h3 Nf6 20. Ned4 exd4 21. Nxd4 Qd7
22. Bxb4 Bb7 23. Ne6 Na6 24. Bc3 Nc5 25. Nxg7 Qxg7 26. b4 Nce4 27. Bxe4 fxe4 28.
Rxe4 Qg5 29. Rf4 h5 30. Bxf6 Rxf6 31. h4 Qg6 32. Rxf6 Qxf6 33. Qxh5 Rf8 34. Qg4+
Kh8 35. Qh5+ Kg7 36. Rc7+ Rf7 37. Rc2 Qf5 38. Qxf5 Rxf5 39. f4 Rf7 40. Re2 Rc7
41. a3 Kf7 42. h5 1/2-1/2

[Event "Botvinnik 100th Open"]
[Site "St Petersburg RUS"]
[Date "2011.08.19"]
[Round "8"]
[White "Tsydypov, Zhamsaran"]
[Black "Biriukov, Oleg V."]
[Result "1-0"]
[BlackTitle "IM"]
[WhiteElo "2247"]
[BlackElo "2339"]
[WhiteFideId "4108566"]
[BlackFideId "4123174"]
[EventDate "2011.08.12"]

1. e4 c5 2. Nf3 d6 3. d4 cxd4 4. Nxd4 Nf6 5. Nc3 a6 6. Be2 e6 7. g4 d5 8. exd5
Nxd5 9. Nxd5 Qxd5 10. Bf3 Qa5+ 11. Bd2 Bb4 12. c3 Be7 13. Qb3 Qc7 14. O-O-O Nd7
15. Rde1 Nc5 16. Qc2 Bd7 17. Bg2 Bd6 18. Kb1 O-O 19. h4 Bf4 20. Be3 Bxe3 21.
fxe3 Rab8 22. g5 Rbd8 23. Rd1 g6 24. h5 Qg3 25. Bf3 Qe5 26. Qf2 Ne4 27. Qh4 Nxg5
28. hxg6 fxg6 29. Rdg1 1-0

[Event "Botvinnik 100th Open"]
[Site "St Petersburg RUS"]
[Date "2011.08.19"]
[Round "8"]
[White "Palachev, Petr"]
[Black "Alekseenko, Kirill"]
[Result "1-0"]
[BlackTitle "FM"]
[WhiteElo "2207"]
[BlackElo "2339"]
[WhiteFideId "24129003"]
[BlackFideId "4135539"]
[EventDate "2011.08.12"]

1. d4 Nf6 2. c4 e6 3. Nc3 Bb4 4. e3 c5 5. Ne2 cxd4 6. exd4 d5 7. a3 Be7 8. Nf4
O-O 9. cxd5 exd5 10. Bd3 Nc6 11. O-O Bd6 12. h3 Bc7 13. Be3 Ne7 14. Qf3 a6 15.
Rac1 Qd6 16. Rfe1 Bd7 17. g3 Rfe8 18. Nh5 Nxh5 19. Bxh7+ Kxh7 20. Qxh5+ Kg8 21.
Bf4 Qc6 22. Nd1 Qg6 23. Qxg6 Nxg6 24. Rxe8+ Rxe8 25. Rxc7 Bc6 26. Ne3 Nf8 27.
Nf5 Ne6 28. Re7 Rd8 29. Bc7 Rc8 30. Bb6 Re8 31. Rxe8+ Bxe8 32. Ne7+ Kh7 33. Nxd5
Kg6 34. f4 Kf5 35. Nc3 g5 36. d5 Nf8 37. fxg5 Kxg5 38. Ne4+ Kg6 39. Nd6 Bd7 40.
Kh2 Kf6 41. Bd4+ Ke7 42. Nxb7 Nh7 43. Nc5 Bc8 44. Be5 Ng5 45. d6+ Ke8 46. Bf4
Ne6 47. Nxe6 Bxe6 48. g4 a5 49. b4 axb4 50. axb4 1-0

[Event "Botvinnik 100th Open"]
[Site "St Petersburg RUS"]
[Date "2011.08.19"]
[Round "8"]
[White "Derbenev, Andrey"]
[Black "Palchun, Grigory"]
[Result "1/2-1/2"]
[WhiteElo "2331"]
[BlackElo "2144"]
[WhiteFideId "4154169"]
[BlackFideId "24147338"]
[EventDate "2011.08.12"]

1. d4 Nf6 2. c4 e6 3. Nc3 Bb4 4. Qc2 O-O 5. a3 Bxc3+ 6. Qxc3 b6 7. e3 Bb7 8. b4
c5 9. dxc5 bxc5 10. Bb2 cxb4 11. axb4 Qc7 12. Nf3 a5 13. b5 d6 14. Rd1 e5 15.
Nh4 Ne4 16. Qa3 f5 17. Bd3 Nc5 18. Bc2 Be4 19. Qc3 Qe7 20. Nf3 Nbd7 21. Ke2 Nb6
22. Ba3 Rfc8 23. Bxc5 Rxc5 24. Bxe4 fxe4 25. Nd2 Qh4 26. f3 exf3+ 27. gxf3 Kh8
28. Qd3 d5 29. cxd5 Rxd5 30. Qe4 Qh3 31. Qg4 Qxg4 32. fxg4 Rxb5 33. Rb1 Rxb1 34.
Rxb1 Nd5 35. Kd3 Rd8 36. Ra1 Nf6+ 37. Ke2 Nxg4 38. h3 Nf2 39. Rxa5 Nxh3 40. Rxe5 1/2-1/2

[Event "Botvinnik 100th Open"]
[Site "St Petersburg RUS"]
[Date "2011.08.19"]
[Round "8"]
[White "Kuzmin, Egor"]
[Black "Ivanov, Timur"]
[Result "0-1"]
[BlackTitle "IM"]
[WhiteElo "2033"]
[BlackElo "2325"]
[WhiteFideId "24101737"]
[BlackFideId "4115350"]
[EventDate "2011.08.12"]

1. d4 Nf6 2. c4 c5 3. d5 e5 4. Nc3 d6 5. e4 Be7 6. Bd3 Nbd7 7. Nge2 a6 8. O-O g6
9. f3 h5 10. Be3 Nh7 11. a3 Bg5 12. Bf2 O-O 13. Qc2 Kg7 14. b4 b6 15. bxc5 bxc5
16. Rab1 h4 17. Rb3 Nhf6 18. Rfb1 Nh5 19. Na4 h3 20. g3 Qf6 21. Nc1 Qxf3 22. Bf1
Qf6 23. Bxh3 Rh8 24. Bg2 Qd8 25. Ne2 Qf8 26. Nb6 Nxb6 27. Rxb6 Bd8 28. Rb8 Rxb8
29. Rxb8 Bc7 30. Ra8 Nf6 31. Qa4 Bd7 32. Rxf8 Bxa4 33. Rxh8 Kxh8 34. Nc3 Bb3 35.
Bf1 Ba5 36. Be1 Bc2 37. Bg2 Kg7 38. Bd2 Bd3 39. Bf1 Bxf1 40. Kxf1 Bxc3 41. Bxc3
Nxe4 42. Ba5 f5 43. Ke2 Kf7 44. Ke3 Nf6 45. h3 Ke7 46. Bd2 Ne4 47. Be1 Ng5 48.
h4 Nh7 49. Bd2 Nf6 50. Kf3 Kf7 51. Bh6 Ne4 52. Bc1 Kf6 53. g4 Nc3 54. Bh6 fxg4+
55. Kxg4 Kf7 56. Kf3 Na4 57. Ke4 Nb2 58. Bg5 Nxc4 0-1

[Event "Botvinnik 100th Open"]
[Site "St Petersburg RUS"]
[Date "2011.08.19"]
[Round "8"]
[White "Dzhumagaliev, Yan"]
[Black "Ljubarov, Mark"]
[Result "1-0"]
[WhiteTitle "FM"]
[WhiteElo "2375"]
[BlackElo "2115"]
[WhiteFideId "24100110"]
[BlackFideId "4142110"]
[EventDate "2011.08.12"]

1. d4 Nf6 2. Nf3 g6 3. g3 Bg7 4. Bg2 c5 5. O-O cxd4 6. Nxd4 O-O 7. c4 Nc6 8. Nc3
Qc7 9. Ndb5 Qb8 10. Bf4 d6 11. Rc1 a6 12. Na3 Rd8 13. Qd2 Be6 14. b3 Rd7 15. Na4
Qd8 16. Be3 Ng4 17. Bb6 Qf8 18. h3 Nf6 19. Nb1 Na7 20. Nbc3 Nc8 21. Nd5 Bxd5 22.
cxd5 Ne8 23. Rc2 Rb8 24. Ba5 b5 25. Nb2 Na7 26. Nd3 Nf6 27. Rfc1 Rdb7 28. Nb4
Nd7 29. Nxa6 Rc8 30. Rxc8 Nxc8 31. Nb4 Nc5 32. Nc6 Nb6 33. Qe3 Bf6 34. f4 h6 35.
Qd2 Kh7 36. e4 Ncd7 37. Qe2 Qg7 38. Qxb5 Bd4+ 39. Kh2 h5 40. Rd1 1-0

[Event "Botvinnik 100th Open"]
[Site "St Petersburg RUS"]
[Date "2011.08.19"]
[Round "8"]
[White "Balaian, Alina"]
[Black "Musalov, Ruslan"]
[Result "1/2-1/2"]
[WhiteElo "2163"]
[BlackElo "2399"]
[WhiteFideId "24115347"]
[BlackFideId "4141490"]
[EventDate "2011.08.12"]

1. e4 c5 2. Nc3 Nc6 3. g3 g6 4. d3 Bg7 5. Be3 d6 6. Qd2 Rb8 7. Bg2 b5 8. h3 b4
9. Nd1 e5 10. f4 Nge7 11. Ne2 Nd4 12. Nc1 O-O 13. O-O f5 14. c3 bxc3 15. bxc3
exf4 16. Bxf4 Ne6 17. Bh6 Bxh6 18. Qxh6 fxe4 19. Rxf8+ Qxf8 20. Qxf8+ Kxf8 21.
dxe4 a5 22. Nd3 Ba6 23. Nf4 Nxf4 24. gxf4 a4 25. Bf1 Bxf1 26. Kxf1 d5 27. Ke2
dxe4 28. Ke3 Nf5+ 29. Kxe4 Re8+ 30. Kd3 Re1 31. Rb1 c4+ 32. Kd2 Rh1 33. Rb8+ Ke7
34. Rb7+ Ke6 35. Rxh7 Rh2+ 36. Kc1 Rxa2 37. Kb1 Rh2 38. Nb2 Ne3 39. Nxa4 Nd5 40.
Nc5+ Kf6 41. Ne4+ Kf5 42. Nd6+ Kxf4 43. Nxc4 Nxc3+ 44. Kc1 Ne2+ 45. Kd1 Ng1 46.
Rh4+ 1/2-1/2

[Event "Botvinnik 100th Open"]
[Site "St Petersburg RUS"]
[Date "2011.08.19"]
[Round "8"]
[White "Butuc, Maria"]
[Black "Duzhakov, Ilya"]
[Result "1/2-1/2"]
[WhiteTitle "WIM"]
[BlackTitle "FM"]
[WhiteElo "2172"]
[BlackElo "2338"]
[WhiteFideId "13902911"]
[BlackFideId "4192516"]
[EventDate "2011.08.12"]

1. Nf3 Nf6 2. c4 g6 3. Nc3 Bg7 4. g3 O-O 5. Bg2 d5 6. cxd5 Nxd5 7. d4 Nxc3 8.
bxc3 c5 9. O-O cxd4 10. cxd4 Nc6 11. e3 Bf5 12. Bb2 Rc8 13. Rc1 Qa5 14. a3 Qb5
15. Bc3 Rfd8 16. Qd2 e5 17. Qb2 Qxb2 18. Bxb2 exd4 19. exd4 Be4 20. Ne5 Nxd4 21.
Bxd4 Rxc1 22. Rxc1 Bxg2 23. Bxa7 Bh3 24. Nc4 b5 25. Ne3 Bf8 26. Rb1 Rc8 27. f3
Ra8 28. Bd4 Ra4 29. Bb6 Bd7 30. Nd5 Bc6 31. Nc3 Ra6 32. Bf2 Ra5 33. Bb6 Ra6 34.
Bf2 Ra5 35. Bb6 Ra6 36. Bf2 Ra5 37. Bb6 Ra8 38. Bf2 Rb8 39. Rb3 Bxf3 40. Rxb5
Rc8 41. Bd4 Bxa3 42. Kf2 Bc6 43. Rb6 Be7 44. h4 f6 45. Ke3 Kf7 46. Ne4 Rc7 47.
Ra6 h6 48. Ra7 Rxa7 49. Bxa7 f5 50. Nc3 Bd6 51. Ne2 Bb5 52. Nd4 Bc4 53. Kf2 Kf6
54. Nf3 Ke6 55. Be3 Bf8 56. Nd4+ Ke5 57. Nf3+ Kd5 58. Nd2 Bd3 59. Kf3 Bc2 60.
Ke2 Bd6 61. Kf3 Bf8 62. Ke2 Bg7 63. Nf3 Ba4 64. Nd2 Bb5+ 65. Kf3 Bd3 66. Kf2 Be4
67. Nf3 Kc4 68. Bf4 Kd5 69. Ke3 Bf8 70. Ke2 Bd6 71. Bxh6 Bxg3 72. Bg5 f4 73. Nd2
Bc2 74. Nf1 1/2-1/2

[Event "Botvinnik 100th Open"]
[Site "St Petersburg RUS"]
[Date "2011.08.19"]
[Round "8"]
[White "Stetsko, Lanita"]
[Black "Demianjuk, Alexander"]
[Result "0-1"]
[WhiteTitle "FM"]
[WhiteElo "2135"]
[BlackElo "2317"]
[WhiteFideId "13505300"]
[BlackFideId "4134249"]
[EventDate "2011.08.12"]

1. e4 c5 2. Nf3 e6 3. d4 cxd4 4. Nxd4 a6 5. Nc3 Qc7 6. g3 Bb4 7. Ne2 Nf6 8. Bg2
Be7 9. O-O d6 10. b3 O-O 11. a4 Nc6 12. Ba3 Rd8 13. Qd2 b6 14. Rad1 Bb7 15. Qf4
Ne5 16. Bb2 Rac8 17. h3 Qc5 18. Nd4 h5 19. Qe3 h4 20. g4 Ng6 21. Rd3 Qc7 22.
Rfd1 Nh7 23. Nf3 e5 24. R3d2 Nf4 25. Ne2 Ne6 26. Kh2 Nhf8 27. c4 Nc5 28. Ne1
Nfe6 29. Rc2 Bg5 30. Qc3 Nxe4 31. Qf3 N6c5 0-1

[Event "Botvinnik 100th Open"]
[Site "St Petersburg RUS"]
[Date "2011.08.19"]
[Round "8"]
[White "Pasiev, Rakhim"]
[Black "Bivol, Alina"]
[Result "1-0"]
[WhiteTitle "FM"]
[BlackTitle "WFM"]
[WhiteElo "2313"]
[BlackElo "2171"]
[WhiteFideId "24122475"]
[BlackFideId "4100123"]
[EventDate "2011.08.12"]

1. e4 e6 2. d4 d5 3. Nc3 Bb4 4. e5 c5 5. a3 Ba5 6. Qg4 Ne7 7. dxc5 Bxc3+ 8. bxc3
O-O 9. Nf3 Nd7 10. Bd3 f5 11. exf6 Nxf6 12. Qh4 Nf5 13. Bxf5 exf5 14. O-O Ne4
15. Qf4 Nxc3 16. Qe3 d4 17. Qd3 b6 18. Qc4+ Qd5 19. Qxd5+ Nxd5 20. cxb6 axb6 21.
Nxd4 Ra4 22. Bb2 Nf4 23. Rfe1 Ba6 24. Re7 Rxd4 25. Bxd4 Ne2+ 26. Rxe2 Bxe2 27.
Re1 Bb5 28. Bxb6 Rc8 29. Rc1 Rc3 30. Bd4 Rxa3 31. Rb1 Ra4 32. Be5 Ra5 33. f4 Bc6
34. Rb8+ Kf7 35. Rc8 Be4 36. Rc7+ Ke6 37. Rxg7 1-0

[Event "Botvinnik 100th Open"]
[Site "St Petersburg RUS"]
[Date "2011.08.19"]
[Round "8"]
[White "Skvortsov, Alexander"]
[Black "Krivonos, Nikolay"]
[Result "0-1"]
[WhiteElo "2103"]
[BlackElo "2296"]
[WhiteFideId "24170038"]
[BlackFideId "4154568"]
[EventDate "2011.08.12"]

1. c4 c5 2. Nc3 Nf6 3. Nf3 d5 4. cxd5 Nxd5 5. g3 Nc6 6. Bg2 Nc7 7. O-O e5 8. d3
Be7 9. Be3 O-O 10. Nd2 Bd7 11. Nc4 f6 12. f4 exf4 13. Bxf4 Kh8 14. e4 Be6 15.
Nd5 Nxd5 16. exd5 Bxd5 17. Re1 Bxg2 18. Kxg2 Qd5+ 19. Qf3 Qxf3+ 20. Kxf3 Rad8
21. Rad1 Rd7 22. Rd2 Kg8 23. a3 Rfd8 24. Red1 b5 25. Ne3 g5 0-1

[Event "Botvinnik 100th Open"]
[Site "St Petersburg RUS"]
[Date "2011.08.19"]
[Round "8"]
[White "Donskov, Anatoly"]
[Black "Kostyuchenko, Vladimir"]
[Result "1-0"]
[WhiteElo "2267"]
[BlackElo "2144"]
[WhiteFideId "24143413"]
[BlackFideId "4126084"]
[EventDate "2011.08.12"]

1. e4 c5 2. Nf3 d6 3. d4 cxd4 4. Nxd4 Nf6 5. Nc3 Nc6 6. Bc4 Qb6 7. Nb3 e6 8. Be3
Qc7 9. O-O Be7 10. Be2 O-O 11. f4 a6 12. a4 b6 13. Bf3 Bb7 14. g4 Nd7 15. g5 Nc5
16. Bg2 Nb4 17. Nd4 g6 18. f5 exf5 19. exf5 Bxg2 20. Kxg2 Qb7+ 21. Qf3 Qxf3+ 22.
Rxf3 Rfe8 23. h4 Bf8 24. h5 gxf5 25. Bf4 Ne6 26. Nxf5 Nxc2 27. Rd1 Nxf4+ 28.
Rxf4 Ne3+ 29. Nxe3 Rxe3 30. Nd5 Re2+ 31. Kf3 Rxb2 32. Nf6+ Kg7 33. h6+ Kg6 34.
Re1 1-0

[Event "Botvinnik 100th Open"]
[Site "St Petersburg RUS"]
[Date "2011.08.19"]
[Round "8"]
[White "Korchmar, Vasiliy"]
[Black "Elkin, Leonid"]
[Result "1-0"]
[WhiteElo "2262"]
[BlackElo "2159"]
[WhiteFideId "24131750"]
[BlackFideId "13501240"]
[EventDate "2011.08.12"]

1. d4 Nf6 2. c4 g6 3. Nc3 Bg7 4. e4 d6 5. Nf3 O-O 6. Be2 e5 7. d5 a5 8. Bg5 h6
9. Be3 Ng4 10. Bc1 f5 11. exf5 gxf5 12. g3 Na6 13. Nh4 Nc5 14. O-O Nf6 15. f4
Nfe4 16. Nxe4 Nxe4 17. fxe5 dxe5 18. Bd3 Ra6 19. Qc2 Raf6 20. Be3 Nd6 21. c5 e4
22. Be2 Nf7 23. Rad1 Ne5 24. Ng2 Ng4 25. Bf4 Re8 26. d6 cxd6 27. cxd6 Qb6+ 28.
Kh1 Bd7 29. Qc7 Qxc7 30. dxc7 Bc8 31. Bb5 1-0

[Event "Botvinnik 100th Open"]
[Site "St Petersburg RUS"]
[Date "2011.08.19"]
[Round "8"]
[White "Martynov, Pavel2"]
[Black "Tugarin, Anton"]
[Result "1/2-1/2"]
[WhiteElo "2237"]
[BlackElo "1976"]
[WhiteFideId "4122186"]
[BlackFideId "24151246"]
[EventDate "2011.08.12"]

1. e4 e6 2. d3 d5 3. Nd2 c5 4. Ngf3 Nf6 5. g3 b6 6. Bg2 Bb7 7. exd5 Bxd5 8. O-O
Be7 9. Nc4 O-O 10. a4 Qc8 11. Bf4 Rd8 12. Qe2 Bb7 13. Rad1 Nc6 14. c3 h6 15.
Rfe1 Nd5 16. Bc1 Qc7 17. Nfe5 Nxe5 18. Nxe5 Bf8 19. d4 cxd4 20. Rxd4 Nf6 21. Rc4
Bc5 22. Bxb7 Qxb7 23. b4 Bf8 24. Nc6 Rd5 25. b5 a6 26. Rf4 axb5 27. axb5 Ra1 28.
c4 Rd7 29. Bb2 Rxe1+ 30. Qxe1 Qa8 31. Rd4 Qa2 32. Qc1 Bc5 33. Rxd7 Nxd7 34. h3
Nf6 35. Bd4 Bxd4 36. Nxd4 Ne4 37. Qe3 Nc5 38. Qc3 Ne4 39. Qe3 Nc5 40. Qc3 1/2-1/2

[Event "Botvinnik 100th Open"]
[Site "St Petersburg RUS"]
[Date "2011.08.19"]
[Round "8"]
[White "Androsov, Sergey"]
[Black "Zimin, Alexey"]
[Result "0-1"]
[WhiteElo "2090"]
[BlackElo "2235"]
[WhiteFideId "4102681"]
[BlackFideId "4168925"]
[EventDate "2011.08.12"]

1. e4 c5 2. Nf3 e6 3. d4 cxd4 4. Nxd4 Nf6 5. Nc3 Nc6 6. a3 d5 7. Bb5 Bd7 8. exd5
Nxd5 9. Nxd5 exd5 10. O-O Be7 11. Nxc6 bxc6 12. Bd3 O-O 13. Qh5 f5 14. c4 g6 15.
Qf3 Be6 16. Re1 Bf7 17. Bh6 Re8 18. cxd5 Qxd5 19. Qg3 Bf6 20. Rad1 Rad8 21. Bc2
Qxd1 0-1

[Event "Botvinnik 100th Open"]
[Site "St Petersburg RUS"]
[Date "2011.08.19"]
[Round "8"]
[White "Lupik, Marina"]
[Black "Eryshkanova, Anastasiya"]
[Result "0-1"]
[WhiteTitle "WIM"]
[BlackTitle "WFM"]
[WhiteElo "2212"]
[BlackElo "2122"]
[WhiteFideId "4177495"]
[BlackFideId "24119059"]
[EventDate "2011.08.12"]

1. e4 e5 2. Nf3 Nf6 3. Nxe5 d6 4. Nf3 Nxe4 5. Nc3 Nf6 6. d4 d5 7. Be2 Bd6 8. Bg5
c6 9. O-O O-O 10. Re1 Be6 11. Ne5 Nbd7 12. Bd3 Qb6 13. Nxd7 Nxd7 14. Qh5 g6 15.
Qh4 Rfe8 16. Ne2 Bf8 17. c3 Bg7 18. b4 a5 19. a3 Nf8 20. Nf4 Bd7 21. Be7 axb4
22. Bxb4 Qc7 23. a4 Rxa4 24. Reb1 b6 25. Qg3 c5 26. Ba3 Qd6 27. Qf3 Bc6 28. h4
Nd7 29. h5 Qf6 30. Qg4 cxd4 31. Nxd5 Bxd5 32. Qxd7 Bc6 33. Qc7 dxc3 34. Rc1 Bh6
35. Rc2 Bf4 36. Qxb6 Qh4 37. f3 Re1+ 38. Bf1 Qh2+ 0-1

[Event "Botvinnik 100th Open"]
[Site "St Petersburg RUS"]
[Date "2011.08.19"]
[Round "8"]
[White "Emdin, Mark"]
[Black "Vunder, Yakov"]
[Result "1/2-1/2"]
[WhiteElo "2068"]
[BlackElo "2212"]
[WhiteFideId "4100050"]
[BlackFideId "4161955"]
[EventDate "2011.08.12"]

1. e4 c5 2. Nc3 g6 3. g3 Bg7 4. Bg2 Nc6 5. d3 e6 6. Be3 d6 7. f4 Nge7 8. Nf3 Nd4
9. O-O O-O 10. e5 Nef5 11. Bf2 Nxf3+ 12. Qxf3 Nd4 13. Qd1 dxe5 14. fxe5 Bxe5 15.
Ne4 f5 16. Nxc5 Qc7 17. b4 Nb5 18. a4 Bxa1 19. Qxa1 Nd6 20. Qe5 Ne8 21. Bd4 Qxe5
22. Bxe5 Nf6 23. Nxb7 Bxb7 24. Bxb7 Rad8 25. b5 Ng4 26. Bc3 Ne3 27. Rc1 Rf7 28.
Bc6 Nd5 29. Bd2 Ne7 30. Bg2 Nc8 31. a5 e5 32. Bc3 e4 33. dxe4 Rc7 34. Bf6 Rd2
35. exf5 Rcxc2 36. Rxc2 Rxc2 37. Bd5+ Kf8 38. fxg6 hxg6 39. Bd4 Nd6 40. b6 axb6
41. axb6 Ke7 42. b7 Rc1+ 43. Kg2 Rb1 44. Bc5 Kd7 45. Bxd6 Kxd6 46. Be4 Rb2+ 47.
Kh3 g5 48. Kg4 Ke5 49. Bc6 Kf6 1/2-1/2

[Event "Botvinnik 100th Open"]
[Site "St Petersburg RUS"]
[Date "2011.08.19"]
[Round "8"]
[White "Aseev, Vladimir"]
[Black "Monin, Nikolay"]
[Result "1-0"]
[BlackTitle "IM"]
[WhiteElo "2116"]
[BlackElo "2403"]
[WhiteFideId "24121371"]
[BlackFideId "4104013"]
[EventDate "2011.08.12"]

1. d4 Nf6 2. c4 g6 3. Nc3 Bg7 4. e4 d6 5. Nf3 O-O 6. Be2 Nbd7 7. O-O e5 8. Re1
c6 9. Bf1 Ng4 10. h3 exd4 11. Nxd4 Qb6 12. Nce2 Nge5 13. Qc2 Qb4 14. Rd1 Qxc4
15. Nc3 Qb4 16. a3 Qb6 17. Be3 Qd8 18. f4 c5 19. Ndb5 Nc6 20. Nxd6 Nd4 21. Qf2
Nb8 22. e5 Nbc6 23. b4 b6 24. Nce4 f6 25. exf6 Bxf6 26. Nxf6+ Qxf6 27. bxc5 bxc5
28. Ne4 Qe7 29. Ng5 Bf5 30. Rac1 Rad8 31. Re1 Qd6 32. Bc4+ Kg7 33. g4 h6 34. Nf3
Bc8 35. Rcd1 Bb7 36. Qb2 Ba8 37. Nd2 Rxf4 38. Bxf4 Qxf4 39. Qc3 Ne5 40. Rf1
Nef3+ 41. Nxf3 Bxf3 42. Qe1 Re8 43. Qf2 Re3 44. Rfe1 Rxe1+ 45. Rxe1 h5 46. Re3
Qf6 47. Qg3 h4 48. Qc7+ Kh6 49. Qxc5 Qf4 50. Qe5 Qxe5 51. Rxe5 Bc6 52. Ra5 Nf3+
53. Kf2 Ng5 54. Bf1 Ne4+ 55. Ke3 Ng3 56. Kf2 Nxf1 57. Kxf1 a6 58. Kf2 1-0

[Event "Botvinnik 100th Open"]
[Site "St Petersburg RUS"]
[Date "2011.08.19"]
[Round "8"]
[White "Menkov, Aleksandr"]
[Black "Ulanov, Alexandr"]
[Result "1/2-1/2"]
[BlackTitle "IM"]
[WhiteElo "2143"]
[BlackElo "2371"]
[WhiteFideId "24160326"]
[BlackFideId "24107646"]
[EventDate "2011.08.12"]

1. e4 Nc6 2. Nf3 d5 3. exd5 Qxd5 4. Nc3 Qa5 5. d4 Bg4 6. Bb5 O-O-O 7. Bxc6 bxc6
8. Qe2 Kb7 9. Qe5 Qxe5+ 10. Nxe5 Bh5 11. Be3 f6 12. Nd3 e6 13. Ne4 Bf7 14. O-O-O
Bd6 15. Ndc5+ Kc8 16. Rd3 Bg6 17. Rc3 Bxe4 18. Nxe4 Ne7 19. Rd1 Rhe8 20. Rc4 h6
21. Ra4 Kb7 22. Rd3 Ra8 23. c4 Nf5 24. g3 a6 25. Nd2 e5 26. Nf3 exd4 27. Nxd4
Nxe3 28. fxe3 c5 29. Nf5 Bf8 30. Rb3+ Kc8 31. g4 Re4 32. h3 Kd7 33. Rd3+ Ke8 34.
Raa3 Rxc4+ 35. Rac3 Rxc3+ 36. Rxc3 Kd7 37. Ng3 Re8 38. Kd2 Kc6 39. Ra3 c4 40.
Rxa6+ Kb5 41. Ra7 Bc5 42. Rxc7 Bxe3+ 43. Kc3 Bf4 44. a4+ Ka6 45. Rxg7 Re3+ 46.
Kxc4 Rxg3 47. Re7 Be5 48. Re6+ Kb7 49. b4 Rxh3 50. Kb5 Rd3 51. Re7+ Kb8 52. a5
Rd4 53. Re8+ Ka7 54. Re7+ Ka8 55. Re8+ Bb8 56. Rf8 Rf4 57. Ka6 Rxg4 58. Rxf6
Rxb4 59. Rxh6 Rg4 60. Re6 Rg8 1/2-1/2

[Event "Botvinnik 100th Open"]
[Site "St Petersburg RUS"]
[Date "2011.08.19"]
[Round "8"]
[White "Korniyuk, Mariya"]
[Black "Nikolaev, Leonid"]
[Result "1/2-1/2"]
[WhiteTitle "WFM"]
[BlackTitle "FM"]
[WhiteElo "2104"]
[BlackElo "2342"]
[WhiteFideId "14118874"]
[BlackFideId "14103249"]
[EventDate "2011.08.12"]

1. e4 e5 2. Nf3 Nf6 3. Nxe5 d6 4. Nf3 Nxe4 5. Nc3 Nxc3 6. dxc3 Nd7 7. Be3 Be7 8.
Qd2 O-O 9. O-O-O Ne5 10. Nd4 Nc6 11. Bd3 Nxd4 12. cxd4 Bg4 13. Be2 Bxe2 14. Qxe2
Bg5 15. Rd3 Bxe3+ 16. Rxe3 Re8 17. Rxe8+ Qxe8 18. Qxe8+ Rxe8 19. Kd2 d5 20. Re1
Rxe1 21. Kxe1 Kf8 1/2-1/2

[Event "Botvinnik 100th Open"]
[Site "St Petersburg RUS"]
[Date "2011.08.19"]
[Round "8"]
[White "Nadjezhdin, Dmitry"]
[Black "Tantsiura, Marja"]
[Result "0-1"]
[WhiteTitle "IM"]
[WhiteElo "2329"]
[BlackElo "2138"]
[WhiteFideId "4126173"]
[BlackFideId "14124327"]
[EventDate "2011.08.12"]

1. d4 g6 2. e4 d6 3. Nc3 Bg7 4. f4 a6 5. Nf3 b5 6. a3 Bb7 7. Bd3 Nd7 8. O-O c5
9. d5 c4 10. Be2 Qb6+ 11. Kh1 Ngf6 12. Ng5 h6 13. Nh3 O-O 14. Bf3 a5 15. Qe1 b4
16. Be3 Qd8 17. Nd1 Nc5 18. Bd4 b3 19. Bxc5 bxc2 20. Bd4 cxd1=Q 21. Rxd1 Re8 22.
Qc3 a4 23. Nf2 Qa5 24. Rc1 Qxc3 25. Bxc3 h5 26. Rfe1 Bh6 27. g3 Bg7 28. Kg2 Rab8
29. h3 Bh6 30. Rc2 Kf8 31. Nd1 h4 32. Ne3 hxg3 33. Kxg3 Rbc8 34. Ng4 Nh5+ 35.
Kf2 Bxf4 36. Rg1 e6 37. Re2 exd5 38. exd5 Rxe2+ 39. Kxe2 Re8+ 40. Kd1 f5 41. Nf2
Ng3 42. Nh1 Nxh1 43. Bxh1 Kf7 44. h4 Be5 45. h5 gxh5 46. Bf3 Rh8 47. Rg5 Bxc3
48. bxc3 Kf6 49. Rxh5 Rxh5 50. Bxh5 Bxd5 0-1

[Event "Botvinnik 100th Open"]
[Site "St Petersburg RUS"]
[Date "2011.08.19"]
[Round "8"]
[White "Kurilov, Viktor"]
[Black "Tkachev, Ivan"]
[Result "1/2-1/2"]
[WhiteElo "2312"]
[BlackElo "2047"]
[WhiteFideId "4157303"]
[BlackFideId "4186885"]
[EventDate "2011.08.12"]

1. Nf3 Nf6 2. g3 d5 3. Bg2 e6 4. O-O Be7 5. c4 O-O 6. d4 c6 7. Qc2 a5 8. Nbd2
Nbd7 9. e4 b6 10. b3 Bb7 11. Ne5 c5 12. exd5 exd5 13. Bb2 cxd4 14. Bxd4 Nc5 15.
Qb2 Ne6 16. Be3 d4 17. Bxb7 dxe3 18. Nc6 Ba3 19. Qxa3 Qxd2 20. Bxa8 Rxa8 21.
Ne7+ Kh8 22. Qc1 Nd4 23. Qxd2 exd2 24. Kg2 Nc2 25. Rab1 Re8 26. Nd5 Nxd5 27.
cxd5 Ne1+ 28. Kh3 Re5 29. f4 Rxd5 30. Rfxe1 dxe1=Q 31. Rxe1 g6 32. Re7 Kg7 33.
Rb7 Rd6 34. Kg4 h5+ 35. Kf3 Rd2 36. Rxb6 Rxa2 37. h3 a4 38. bxa4 Rxa4 39. Rb3
Ra1 40. g4 hxg4+ 41. hxg4 Rf1+ 42. Ke4 Rg1 43. g5 1/2-1/2

[Event "Botvinnik 100th Open"]
[Site "St Petersburg RUS"]
[Date "2011.08.19"]
[Round "8"]
[White "Chuprova, Irina"]
[Black "Toivonen, Alexander V."]
[Result "1/2-1/2"]
[BlackTitle "FM"]
[WhiteElo "1866"]
[BlackElo "2292"]
[WhiteFideId "24138584"]
[BlackFideId "4107918"]
[EventDate "2011.08.12"]

1. e4 e5 2. Nf3 Nf6 3. Nc3 Bb4 4. Nxe5 O-O 5. Nd3 Bxc3 6. dxc3 Nxe4 7. Be2 Nc6
8. O-O d6 9. Nf4 Re8 10. Be3 Bf5 11. Bc4 Ne5 12. Be2 h6 13. Re1 c6 14. c4 Qc7
15. f3 Nf6 16. Bf2 Rad8 17. c3 g5 18. Bd3 Bxd3 19. Nxd3 Nxc4 20. Bd4 Nd5 21. f4
Rxe1+ 22. Qxe1 c5 23. Bf2 Qe7 24. fxg5 Qxe1+ 25. Rxe1 hxg5 26. b3 Ncb6 27. c4
Nc7 28. h4 gxh4 29. Re4 Re8 30. Rxh4 Ne6 31. Bg3 Nc8 32. Nf2 Nd4 33. Ne4 Re6 34.
Rg4+ Kf8 35. Rh4 Ke7 36. Rh8 Kd7 37. Ng5 Rg6 38. Bh4 f6 39. Ne4 Nf3+ 40. Kf2
Nxh4 41. Rxh4 Ne7 42. Rh7 Ke6 43. Nc3 a6 44. Ne2 Rg4 45. Kf3 f5 46. Nf4+ Kf6 47.
Nh5+ Ke6 48. Nf4+ Kf6 1/2-1/2